Une lettre suffit pour répondre juste #77 (attention 10 lettres tuent) - Statistiques

Statistiques générales
  • Ce quiz a été pris 58 fois
  • Le résultat moyen est 4 sur 6
Statistiques - réponses
Hint Réponse % Correct
Donne une des 5 lettres qui compose le mot qui complète les paroles de la chanson En Apesanteur de Calogero : J'arrive à me glisser Juste avant que les portes ne se referment Elle me dit quel étage Et sa voix me fait quitter la terre ferme _ _ _ _ _ Les chiffres dansent Tout se mélange Je suis en tête-à-tête avec un ange ALORS
100%
Donne une des 4 lettres du mot anglais qui à la fois: - est le surnom d'Elvis Presley ( The _ _ _ _) - complète une chaine de magasins de jouets ( _ _ _ _ Jouet) KING
96%
Donne une des 3 lettres qui complète le début de la chanson DJ de Diam's de 2003 : Laisse-moi kiffer la vibe avec mon _ _ _ MEC
96%
Donne une des 2 lettres des initiales (prénom nom) de ce basketteur qui a pour ex Eva Longoria
TP
85%
Donne la lettre qui complète le nom du personnage de la bande dessinée Spirou et Fantasio mis en scène dans ? comme ?orglub, L'Ombre du ?, Le réveil du ? et Aux sources du ? : _ ORGLUB
Z
45%
Donne la lettre qui est l'indice ayant pour but de quantifier la productivité scientifique et l'impact d'un scientifique en fonction du niveau de citation de ses publications : indice ? H (indice de Hirsch ou h-index)
4%
Aucun quiz correspondant
Distribution des résultats
% des personnes avec chaque résultat
Percentile par nombre de réponses
Votre historique - résultats
Vous n’avez pas pris ce quiz